Identifikácia slabých stránok spoločnosti Drevodomy Rajec prostredníctvom prieskumu spokojnosti zákazníkov
Výrobná bilancia firmy Drevodomy Rajec. Prieskum najfrekventovanejších slabých stránok výrobného procesu firmy. Boli to slabá spätná väzba, slabá logistika, fakt, že firmu ťahá jej vedenie a nie pracovníci a nedostatočná informovanosť o technických problémoch starších zákazníkov.
Enregistré dans:
| Auteur principal: | |
|---|---|
| Autres auteurs: | |
| Format: | Chapitre de livre |
| Langue: | slovaque |
| Sujets: | |
| Tags: |
Pas de tags, Soyez le premier à ajouter un tag!
|
MARC
| LEADER | 00000nla a2200000 4500 | ||
|---|---|---|---|
| 001 | 0195697 | ||
| 005 | 20240502073303.8 | ||
| 041 | 0 | |a slo | |
| 044 | |a SK | ||
| 245 | 1 | 0 | |a Identifikácia slabých stránok spoločnosti Drevodomy Rajec prostredníctvom prieskumu spokojnosti zákazníkov |c Juraj Bronček, Janka Kopaničová |
| 520 | |a Výrobná bilancia firmy Drevodomy Rajec. Prieskum najfrekventovanejších slabých stránok výrobného procesu firmy. Boli to slabá spätná väzba, slabá logistika, fakt, že firmu ťahá jej vedenie a nie pracovníci a nedostatočná informovanosť o technických problémoch starších zákazníkov. | ||
| 610 | 2 | 0 | |a firmy |
| 610 | 2 | 0 | |a stavebníctvo |
| 610 | 2 | 0 | |a spokojnosť zákazníkov |
| 610 | 2 | 0 | |a prieskum spotrebiteľský |
| 100 | 1 | |a Bronček, Juraj | |
| 700 | 1 | |a Kopaničová, Janka, 1979- | |